Popularne polskie piosenki w tym tygodniu. 25.06-01.07 - Statystyki

Ogólne statystyki
  • Ten quiz został rozwiązany 9 razy
  • Średni wynik to 14 z 30
Statystyki odpowiedzi
Wykonawca Wyświetlenia Utwór % Poprawnych
Mata 7.99M Kiss cam (podryw roku)
100%
Ekipa ft. Roxie 6.32M Napad Na Bank
78%
OIO 1.01M Worki W Tłum
78%
Ekipa ft. Jacuś 2.78M Zygzak
78%
Ekipa 1.72M 3KIPA
67%
Sanah ft. Vito Bambino 1.36M Ale jazz!
67%
OIO 1.49M Amerykańskie Teledyski
67%
Kizo 4.41M Disney
67%
Sobel 2.41M Fiołkowe Pole
67%
Kizo ft. Wac Toja 1.35M Nasze Lato
67%
Mata 868K Patoreakcja
67%
Guzior ft. Oskar83 819K FALA
56%
Sobel 1.57M Kinol
56%
Ekipa ft. Janusz Walczuk 1.56M Szlafroki
44%
Sanah 727K 2:00
33%
Guzior 751K BLUEBERRY
33%
White 2115 1.42M Booker (baw się)
33%
Sanah 2.31M etc. (na disco)
33%
Ekipa ft. B.R.O 1.45M Ja To Tak Czuje
33%
Chivas ft. White 2115 892K Mam Na Twarzy Krew I Tym Razem Nie Jest Sztuczna
33%
Defis & MiłyPan 746K Musisz się starać
33%
Żabson, Kizo, ZetHa 797K Puerto Bounce
33%
Sanah 1.66M ten Stan
33%
Ekipa 896K Jeden Wers
22%
Paluch 921K Każdy blok
22%
Ekipa 1.05M Sen
22%
Ekipa 779K Uśmiech
22%
Ekipa 1.09M Dobry Mood
11%
Doda 1.12M Don't Wanna Hide
0%
Hinol Polska Wersja 846K Nie potrzeba mi nic więcej
0%
Nie znaleziono quizów pasujących do podanych kryteriów
Rozkład punktacji
Procent ludzi z każdym wynikiem
Percentyl według liczby udzielonych odpowiedzi
Twoja historia wyników
Nie rozwiązałeś tego quizu